Sanat: "Norppa kivellä" - Juhana Haukkala - Statistics

Yleistilastot
  • Tätä visaa on pelattu 26 kertaa
  • Keskiarvotulos 112 / 205
Vastaustilastot
Vastaus % Oikein
kivellä
100%
norppa
100%
se
100%
ei
80%
ja
80%
80%
Niin
80%
on
80%
On
80%
oon
80%
Saimaan
80%
auki
60%
duunarin
60%
en
60%
haittaa
60%
haju
60%
Hei
60%
herkimmän
60%
hien
60%
jos
60%
kasvot
60%
kauan
60%
kesäkuussa
60%
kiinnostaisko
60%
kirveellä
60%
kosketusta
60%
laittaa
60%
miehen
60%
mun
60%
Mun
60%
naisen
60%
nimeni
60%
nimimerkillä
60%
paikka
60%
pikkuinen
60%
Rotevalle
60%
rouvalle
60%
saaressa
60%
saat
60%
Saat
60%
sen
60%
sua
60%
taas
60%
tervashamppoolta
60%
Tomppa
60%
torppa
60%
tuoksuu
60%
vailla
60%
valssiksi
60%
vesillä
60%
vuoltu
60%
aameneen
40%
aittaan
40%
enää
40%
hauskan
40%
Ievan
40%
jälkeen
40%
johtaa
40%
kämmenellä
40%
kannan
40%
kirjeellä
40%
kirjeen
40%
kuin
40%
kukaan
40%
kukkaa
40%
kun
40%
Laita
40%
mailla
40%
muikkuverkot
40%
mulla
40%
mut
40%
näillä
40%
Onko
40%
oottanut
40%
osaan
40%
osoite
40%
pastorin
40%
pidellä
40%
polkka
40%
posteljoona
40%
pussaa
40%
rautaa
40%
savupönttö
40%
selkäranka
40%
sit
40%
suljetulla
40%
sut
40%
teen
40%
terveisin
40%
toispa
40%
työpäivän
40%
vapaa
40%
Ainoo
20%
emännän
20%
enemmän
20%
esillä
20%
huvikseen
20%
Huvikseen
20%
joka
20%
kaipaan
20%
kuva
20%
lämpö
20%
mikä
20%
päivä
20%
puuttuu
20%
rintaryijy
20%
saunan
20%
sitä
20%
verannalla
20%
yössä
20%
kaikui
0%
Ehtoja vastaavia visoja ei löytynyt
Tulosjakauma
Jokaisen tuloksen saaneiden osuus
Persentiili vastausten määrän mukaan
Tuloshistoriasi
Et ole pelannut tätä visaa